Feminism and the technological fix / (Record no. 4122)

000 -LEADER
fixed length control field 01039pam a2200265 a 4500
001 - CONTROL NUMBER
control field 4417438
005 - DATE AND TIME OF LATEST TRANSACTION
control field 20190513144406.0
008 - FIXED-LENGTH DATA ELEMENTS--GENERAL INFORMATION
fixed length control field 931220s1994 enka b 000 0 eng
010 ## - LIBRARY OF CONGRESS CONTROL NUMBER
LC control number 93049043
020 ## - INTERNATIONAL STANDARD BOOK NUMBER
International Standard Book Number 0719042747 (hardback)
020 ## - INTERNATIONAL STANDARD BOOK NUMBER
International Standard Book Number 0719042755 (paperback)
040 ## - CATALOGING SOURCE
Original cataloging agency DLC
Transcribing agency DLC
Modifying agency DLC
050 00 - LIBRARY OF CONGRESS CALL NUMBER
Classification number HQ1190
Item number .S73 1994
082 00 - DEWEY DECIMAL CLASSIFICATION NUMBER
Classification number 305.42/01
Edition number 20
100 1# - MAIN ENTRY--PERSONAL NAME
Personal name Stabile, Carol A.
Dates associated with a name 1994
245 10 - TITLE STATEMENT
Title Feminism and the technological fix /
Statement of responsibility, etc Carol A. Stabile.
260 ## - PUBLICATION, DISTRIBUTION, ETC. (IMPRINT)
Place of publication, distribution, etc Manchester [England] ;
-- New York :
Name of publisher, distributor, etc Manchester University Press ;
Place of publication, distribution, etc New York :
Name of publisher, distributor, etc Distributed exclusively in the USA and Canada by St. Martin's Press,
Date of publication, distribution, etc c1994.
300 ## - PHYSICAL DESCRIPTION
Extent vii, 184 p. :
Other physical details ill. ;
Dimensions 22 cm.
504 ## - BIBLIOGRAPHY, ETC. NOTE
Bibliography, etc Includes bibliographical references (p. [161]-180) and index.
650 #0 - SUBJECT ADDED ENTRY--TOPICAL TERM
Topical term or geographic name as entry element Feminist theory.
650 #0 - SUBJECT ADDED ENTRY--TOPICAL TERM
Topical term or geographic name as entry element Technology
General subdivision Social aspects.
906 ## - LOCAL DATA ELEMENT F, LDF (RLIN)
a 7
b cbc
c orignew
d 1
e ocip
f 19
g y-gencatlg
942 ## - ADDED ENTRY ELEMENTS (KOHA)
Source of classification or shelving scheme
Item type Book
Holdings
Withdrawn status Lost status Source of classification or shelving scheme Damaged status Not for loan Home library Current library Shelving location Date acquired Total Checkouts Full call number Barcode Date last seen Copy number Price effective from Koha item type
          Riara University Library Riara University Library General stack 13/05/2019   HQ1190.S73 1994 10213/19 13/05/2019 C.1 13/05/2019 Book

Riara University Library,
P.O. Box 49940-00100,
Nairobi, Kenya.